000 01071nam a2200313 a 4500
001 60910
003 BD-RjUL
005 20211209080909.0
008 170104s2007 waua b i001 0 eng
020 _a9780821369418
020 _a0821369415
020 _a9780821369425 (electronic)
020 _a0821369423 (electronic)
035 _a(BD-RjUL)61034
040 _aDLC
_cDLC
_dBD-RjUL
_beng
041 _aeng
082 0 0 _a352.34
_223
_bPER 2007
245 0 0 _aPerformance accountability and combating corruption /
_cedited by Anwar Shah.
260 _aWashington, D.C. :
_bWorld Bank,
_cc2007.
300 _axxvi, 418 p. :
_bill. ;
_c23 cm.
504 _aIncludes bibliographical references and index.
650 0 _aTotal quality management in government.
_9181609
650 0 _aPolitical corruption
_xPrevention.
_9181610
700 1 _aShah, Anwar.
_9181611
830 _aPublic sector governance and accountability series
_9181627
942 _2ddc
_cBK
999 _c60910
_d60910